Violencia y sexualidad en la television. Es posible evaluar su efecto? (Registro nro. 66987)
[ vista simple ]
| 001 - NÚMERO DE CONTROL | |
|---|---|
| campo de control | 119074 |
| 005 - FECHA Y HORA DE LA ÚLTIMA TRANSACCIÓN | |
| campo de control | 20240201125544.0 |
| 008 - DATOS DE LONGITUD FIJA--INFORMACIÓN GENERAL | |
| campo de control de longitud fija | 970225e19961231 spa |
| 035 ## - NÚMERO DE CONTROL DEL SISTEMA | |
| Número de control de sistema | 119074 |
| 035 ## - NÚMERO DE CONTROL DEL SISTEMA | |
| Número de control de sistema | (OCoLC)819750255 |
| 040 ## - FUENTE DE LA CATALOGACIÓN | |
| Centro/agencia transcriptor | comduadb |
| 041 ## - CÓDIGO DE LENGUA | |
| Código de lengua del texto/banda sonora o título independiente | spa |
| 100 10 - ENTRADA PRINCIPAL--NOMBRE DE PERSONA | |
| Nombre de persona | Guzman Rico, Margarita |
| Código de función | aut |
| Término indicativo de función/relación | Autor/a |
| 9 (RLIN) | 318128 |
| 245 10 - MENCIÓN DE TÍTULO | |
| Título | Violencia y sexualidad en la television. Es posible evaluar su efecto? |
| 650 ## - PUNTO DE ACCESO ADICIONAL DE MATERIA--TÉRMINO DE MATERIA | |
| Término de materia o nombre geográfico como elemento de entrada | Televisión |
| 9 (RLIN) | 1607 |
| 650 ## - PUNTO DE ACCESO ADICIONAL DE MATERIA--TÉRMINO DE MATERIA | |
| Término de materia o nombre geográfico como elemento de entrada | Sexo en television |
| 9 (RLIN) | 21178 |
| 650 ## - PUNTO DE ACCESO ADICIONAL DE MATERIA--TÉRMINO DE MATERIA | |
| Término de materia o nombre geográfico como elemento de entrada | Violencia en television |
| 9 (RLIN) | 31045 |
| 700 10 - ENTRADA AGREGADA--NOMBRE PERSONAL | |
| Nombre de persona | Dominguez Blanco, Maria Elvia |
| Código de función | aut |
| Término indicativo de función/relación | Autor/a |
| 9 (RLIN) | 315111 |
| 700 10 - ENTRADA AGREGADA--NOMBRE PERSONAL | |
| Nombre de persona | Montealegre Hurtado, Rosalia |
| Código de función | aut |
| Término indicativo de función/relación | Autor/a |
| 9 (RLIN) | 498453 |
| 773 0# - ENLACE AL DOCUMENTO FUENTE/ENTRADA DE REGISTRO ANFITRIÓN | |
| Título | Innovación y Ciencia (Bogotá) |
| Parte(s) relacionada(s) | Volúmen 05, Número 02, 1996, p. 46-52 |
| Número de control del registro | 107196 |
| Número Internacional Normalizado para Publicaciones Seriadas | 0121-5140 |
| Número bibliográfico anfitrión | 89029 |
| 942 ## - ELEMENTOS DE ENTRADA AGREGADA (KOHA) | |
| Tipo de ítem Koha | Artículo de Revista |
No hay ítems disponibles.